000 00524nam a22001697a 4500
005 20251108164646.0
008 250721s1991 xx 000 0 ara d
082 1 4 _a956/خلي
100 1 _aأبو خليل، شوقي
245 1 0 _aأضواء على مواقف المستشرقون و المبشرين /
264 1 _aطرابلس (ليبيا) :
_c1991.
300 _a264ص
650 1 7 _aالإستشراق و المستشرقون
650 1 7 _aالحضارة الإسلامية
942 _2ddc
_cBK
999 _c11130
_d11130